WWE Royal Rumble - Qui a éliminé Kane ? - Statistiques

Statistiques générales
  • Ce quiz a été pris 257 fois
  • Le résultat moyen est 12 sur 20
Statistiques - réponses
Rumble Éliminé par % Correct
2008 Batista et Triple H
96%
2003 Undertaker
93%
2006 Triple H
92%
2010 Triple H
92%
2015 Roman Reigns
89%
2009 Randy Orton, Ted Dibiase et Cody Rhodes
88%
2001 Steve Austin
85%
2005 John Cena
82%
1996 Shawn Michaels
70%
2011 Rey Mysterio
65%
2014 CM Punk
59%
2013 Daniel Bryan
52%
2016 Braun Strowman
49%
2002 Kurt Angle
44%
1997 Bret Hart
39%
2004 Booker T
31%
2007 King Booker
31%
2021 Damian Priest
26%
1999 Lui-même
25%
2000 X-Pac
19%
Aucun quiz correspondant
Distribution des résultats
% des personnes avec chaque résultat
Percentile par nombre de réponses
Votre historique - résultats
Vous n’avez pas pris ce quiz